000 00406nam a2200145Ia 4500
008 230917s9999||||xx |||||||||||||| ||und||
040 _e172822
_aMAIN
041 _aEnglish
082 _a891.433721 DN536S
100 _aधीर, नरेन्द्र
245 0 _aशैली
260 _aदिल्ली
_bभावना प्रकाशन
_c1980
300 _a133 पृ. p.
942 _cHN
999 _c41612
_d41612